འབྲུག༌གི༌བཙོན༌ཁང༌བཅའ༌ཁྲིམས། (Record no. 791)

MARC details
000 -LEADER
fixed length control field 00798nam a2200205 4500
001 - CONTROL NUMBER
control field 1134
005 - DATE AND TIME OF LATEST TRANSACTION
control field 20191029143842.0
008 - FIXED-LENGTH DATA ELEMENTS--GENERAL INFORMATION
fixed length control field 191029b ||||| |||| 00| 0 eng d
090 00 - LOCALLY ASSIGNED LC-TYPE CALL NUMBER (OCLC); LOCAL CALL NUMBER (RLIN)
Classification number (OCLC) (R) ; Classification number, CALL (RLIN) (NR) 344.035 A1881p 2009
110 ## - MAIN ENTRY--CORPORATE NAME
Corporate name or jurisdiction name as entry element Royal Bhutan Police.
240 ## - UNIFORM TITLE
Uniform title Prison Act of Bhutan, 2009.
245 00 - TITLE STATEMENT
Title འབྲུག༌གི༌བཙོན༌ཁང༌བཅའ༌ཁྲིམས།
Remainder of title Prison act of Bhutan, 2009 /
Statement of responsibility, etc. Royal Bhutan Police.
260 00 - PUBLICATION, DISTRIBUTION, ETC.
Place of publication, distribution, etc. Thimphu :
Name of publisher, distributor, etc. Royal Bhutan Police,
Date of publication, distribution, etc. 2009.
300 00 - PHYSICAL DESCRIPTION
Extent xiii, 94 p. ; 22 cm.
500 ## - GENERAL NOTE
General note Electronic copy available on RTC Cloud in "Library" folder
General note In Dzongkha and English.
650 00 - SUBJECT ADDED ENTRY--TOPICAL TERM
Topical term or geographic name entry element Prisons --Law and legislation --Bhutan.
856 ## - ELECTRONIC LOCATION AND ACCESS
Uniform Resource Identifier <a href=" http://www.rbp.gov.bt/Forms/Prison%20Act.pdf"> http://www.rbp.gov.bt/Forms/Prison%20Act.pdf</a>
Link text Prison Act of Bhutan
942 ## - ADDED ENTRY ELEMENTS (KOHA)
Source of classification or shelving scheme Dewey Decimal Classification
Koha item type Reference
Holdings
Withdrawn status Lost status Source of classification or shelving scheme Damaged status Not for loan Collection code Home library Current library Shelving location Date acquired Serial Enumeration / chronology Inventory number Full call number Barcode Date last seen Copy number Price effective from Koha item type
    Dewey Decimal Classification     Dzongkha RTC Library RTC Library Dzongkha 07/01/2022 3072 344.03 PRI 30002726 27/11/2018 1 27/11/2018 Dzongkha
    Dewey Decimal Classification     Dzongkha RTC Library RTC Library Dzongkha 07/01/2022 4817 344.03 PRI 30009948 27/11/2018 2 27/11/2018 Dzongkha
Royal Thimphu College || All Right Reserved